| 000 | 00975 a2200217 4500 | ||
|---|---|---|---|
| 005 | 20080908150653.0 | ||
| 008 | 080908t xxu||||| |||| 00| 0 hin d | ||
| 010 | _aHIN-80163 | ||
| 020 | _c225.00 | ||
| 035 | _aHN-52509 | ||
| 037 | _bD.B.Act / pub | ||
| 082 | _a423 | ||
| 100 | _aबाहरी, हरदेव | ||
| 245 |
_aमानक हिन्दी पर्याय कोश _cहरदेव बाहरी |
||
| 246 |
_aManak Hindi paryaya kosh _bby Hardev Bahri |
||
| 260 |
_aनई दिल्ली _bविद्या प्रकाशन मंदिर _c2002 |
||
| 270 |
_a1681, दरियागंज _bनई दिल्ली _e110002 |
||
| 300 |
_a247पृ _c22 सेमी (सजिल्द) |
||
| 942 |
_adpl _cHN _k423 / बाहरी _2ddc _h423 _m बाहरी |
||
| 999 |
_c5115 _d5115 |
||